[Event "Fall Kickoff"]
[Site "SchemingMind.com"]
[Date "2007.09.15"]
[Round "-"]
[White "calidore"]
[Black "jdcald13"]
[Result "0-1"]
[WhiteCountry "ISR"]
[BlackCountry "USA"]
[WhiteElo "1871"]
[WhiteRD "59"]
[BlackElo "1907"]
[BlackRD "49"]
[GameID "120839"]

1. e4 e6 2. d4 d5 3. e5 c5 4. c3 Nc6 5. Nf3 Qb6 6. Bd3 cxd4 7. cxd4 Bd7 8. O-O Nxd4 9. Nxd4 Qxd4 10. Nc3 a6
11. Re1 Bb4 12. Be3 Qxe5 13. Bc5 Bxc3 14. Rxe5 Bxe5 15. Qb3 Bc6 16. Re1 Bf6 17. Bc2 Ne7 18. Qd3 Bxb2 19. Bd4 Bxd4 20. Qxd4 O-O
21. Qh4 Ng6 22. Bxg6 fxg6 23. Rxe6 Rae8 24. Rxe8= Rxe8 25. f3 Bb5 26. Qd4 Bc4 27. a3 b5 28. h4 a5 29. Qc5 a4 30. Qc6 Re7
31. Qd6 Re1+ 32. Kh2 h6 33. Qxg6 d4 34. Qg3 Re8 35. Qd6 d3 36. Qd7 Re2 37. Qc8+= Kh7 38. Qf5+ Kh8 39. Qc8+ Bg8 40. Qc3 d2
41. Qd3 Bc4 42. Qd8+ Kh7 43. h5 b4 44. axb4 a3 45. Qd7 a2 46. Qf5+ Kh8 47. Qf8+ Bg8 48. Qd6 a1=Q 49. b5 d1=Q
0-1

[Event "Fall Kickoff"]
[Site "SchemingMind.com"]
[Date "2007.09.15"]
[Round "-"]
[White "jdcald13"]
[Black "calidore"]
[Result "1-0"]
[WhiteCountry "USA"]
[BlackCountry "ISR"]
[WhiteElo "1914"]
[WhiteRD "55"]
[BlackElo "1889"]
[BlackRD "65"]
[GameID "120840"]

1. d4 Nf6 2. Nf3 e6 3. Bg5 Be7 4. c4 d5 5. Nc3 O-O 6. e3 h6 7. Bf4 Nh5 8. cxd5 Nxf4 9. exf4 exd5 10. Bd3 Bg4
11. h3 Bh5 12. g4 Bg6 13. f5 Bh7 14. Qd2 Bf6 15. O-O-O Nc6 16. Bb1 a6 17. h4 Na5 18. g5 Nc4 19. Qf4 hxg5 20. hxg5
1-0

[Event "Fall Kickoff"]
[Site "SchemingMind.com"]
[Date "2007.09.16"]
[Round "-"]
[White "rougon"]
[Black "jdcald13"]
[Result "1/2-1/2"]
[WhiteCountry "USA"]
[BlackCountry "USA"]
[WhiteElo "1743"]
[WhiteRD "69"]
[BlackElo "1914"]
[BlackRD "55"]
[GameID "120966"]

1. e4 d5 2. exd5 Nf6 3. d4 Nxd5 4. c4 Nb6 5. Nf3 e6 6. Be2 c5 7. O-O Nc6 8. Be3 Be7 9. dxc5 Qxd1 10. Rxd1 Na4
11. a3 Bxc5 12. Bc1 e5 13. b3 Nb6 14. Bb2 f6 15. b4 Be7 16. Nc3 Bg4 17. h3 Bxf3 18. gxf3 Nd4 19. Bd3 Nxf3+ 20. Kh1 O-O-O
21. c5 Na8 22. Rac1 Nc7 23. Ne4 Nd4 24. Rc4 Nc6 25. Nd6+ Bxd6 26. cxd6 Nb5 27. d7+ Kb8 28. Be4 Nbd4 29. Bxc6 bxc6 30. Bxd4 exd4
31. Rdxd4 Kc7 32. b5 Rxd7 33. Rxc6+ Kd8 34. Rdc4 Rd1+ 35. Kg2 Re8 36. Rc7 Ree1 37. Rxa7 Rg1+ 38. Kh2 Rh1+ 39. Kg3 Rd3+ 40. Kg2 Rhxh3
41. a4 Rb3 42. Rcc7 Rh5 43. Rxg7 Rg5+ 44. Rxg5 fxg5 45. Rxh7 Rb4 46. Ra7 g4 47. Kg3 Kc8 48. f4 gxf3 49. Kxf3 Kb8 50. Ra6 Kb7
51. Ke3 Rc4 52. Kd3 Rb4 53. Kc3 Rb1 54. Kc4 Rb2 55. a5 Rb1 56. Rb6+ Ka7 57. Rd6 Rc1+ 58. Kd5 Rd1+ 59. Kc6 Rc1+ 60. Kd7 Ra1
61. Ra6+ Kb7 62. Rb6+ Ka7 63. Ra6+ Kb7 64. Kd6 Rd1+ 65. Kc5 Rc1+ 66. Kd4 Rd1+ 67. Kc3 Ra1 68. Kb2 Ra4 69. Kb3 Ra1 70. Rg6=
1/2-1/2

[Event "Fall Kickoff"]
[Site "SchemingMind.com"]
[Date "2007.09.16"]
[Round "-"]
[White "rougon"]
[Black "calidore"]
[Result "0-1"]
[WhiteCountry "USA"]
[BlackCountry "ISR"]
[WhiteElo "1743"]
[WhiteRD "69"]
[BlackElo "1889"]
[BlackRD "65"]
[GameID "120967"]

1. d4 Nf6 2. c4 e6 3. Nc3 d5 4. Bg5 Be7 5. cxd5 exd5 6. Qc2 O-O 7. Nf3 Be6 8. e3 h6 9. Bh4 Nc6 10. Bd3 Nb4
11. Qd2 Nxd3+ 12. Qxd3 c6 13. O-O Re8 14. a3 Ne4 15. Bxe7 Rxe7 16. Ne5 Bf5 17. f3 Ng3 18. e4 dxe4 19. fxe4 Nxf1 20. Qxf1 Qxd4+
0-1

[Event "Fall Kickoff"]
[Site "SchemingMind.com"]
[Date "2007.09.16"]
[Round "-"]
[White "jdcald13"]
[Black "rougon"]
[Result "1-0"]
[WhiteCountry "USA"]
[BlackCountry "USA"]
[WhiteElo "1892"]
[WhiteRD "78"]
[BlackElo "1775"]
[BlackRD "68"]
[GameID "120968"]

1. e4 e5 2. Nc3 Nf6 3. f4 d5 4. exd5 Nxd5 5. Nxd5 Qxd5 6. fxe5 Qxe5+ 7. Qe2 Bd6 8. Nf3 Qxe2+ 9. Bxe2 O-O 10. O-O Nc6
11. d4 Bf5 12. c3 Rae8 13. Bb5 Bd7 14. Bd2 a6 15. Bd3 Ne7 16. Ng5 h6 17. Nh7 c5 18. Nxf8 Rxf8 19. Bc4 b5 20. Bb3 Bc6
21. Rae1 Ng6 22. dxc5 Bxc5+ 23. Be3 Bd6 24. Rd1 Bc7 25. Bc5 Nf4 26. Bxf8 Bb6+ 27. Rd4 Ne2+ 28. Kh1 Nxd4 29. Bxf7+ Kxf8 30. cxd4 Ke7
31. d5 Bd7 32. Be6 Bxe6 33. Re1 Kd6 34. Rxe6+ Kc5 35. Rc6+
1-0

[Event "Fall Kickoff"]
[Site "SchemingMind.com"]
[Date "2007.09.16"]
[Round "-"]
[White "calidore"]
[Black "rougon"]
[Result "1-0"]
[WhiteCountry "ISR"]
[BlackCountry "USA"]
[WhiteElo "1889"]
[WhiteRD "65"]
[BlackElo "1743"]
[BlackRD "69"]
[GameID "120969"]

1. e4 e6 2. d4 d5 3. e5 c5 4. c3 Nc6 5. Nf3 Qb6 6. Bd3 Bd7 7. O-O cxd4 8. cxd4 Nxd4 9. Nxd4 Qxd4 10. Nc3 Bb4
11. Be3 Qxe5 12. Nb5 Bd6 13. g3 Bxb5 14. Bxb5+ Ke7 15. Bf4 Qf5 16. Bd3 Qf6 17. Bxd6+ Kxd6 18. Qb3 Rb8 19. Qa3+ Kd7 20. Bb5+ Kd8
21. Qd6+
1-0

[Event "Fall Kickoff"]
[Site "SchemingMind.com"]
[Date "2007.09.16"]
[Round "-"]
[White "Dariusz1968"]
[Black "rougon"]
[Result "0-1"]
[WhiteCountry "POL"]
[BlackCountry "USA"]
[WhiteElo "1332"]
[WhiteRD "53"]
[BlackElo "1714"]
[BlackRD "71"]
[GameID "121031"]

1. e4 c5 2. Bc4 e6 3. d3 a6 4. Nf3 Nc6 5. d4 cxd4 6. Nxd4 Qc7 7. O-O Nf6 8. Re1 Bc5 9. c3 O-O 10. Bg5 Be7
11. Nxc6 Qxc6 12. Bxf6 Bxf6 13. Bd3 d5 14. e5 Be7 15. Re3 f6 16. Bxh7+ Kxh7 17. Rh3+ Kg8 18. Qh5 d4 19. Qh8+ Kf7 20. Qh5+ Kg8
21. Qg6 b5 22. Nd2 Bb7 23. cxd4 Qd5 24. Re1 Qxd4 25. Nf1 Bc5 26. Qh7+ Kf7 27. Ree3 Qf4 28. exf6 Rg8 29. Ref3 Bxf3 30. Rxf3 Qg5
31. h4 Qe5 32. h5 Rad8 33. Qg6+ Kf8 34. fxg7+ Ke7
0-1

[Event "Fall Kickoff"]
[Site "SchemingMind.com"]
[Date "2007.09.16"]
[Round "-"]
[White "Dariusz1968"]
[Black "jdcald13"]
[Result "0-1"]
[WhiteCountry "POL"]
[BlackCountry "USA"]
[WhiteElo "1332"]
[WhiteRD "53"]
[BlackElo "1907"]
[BlackRD "49"]
[GameID "121032"]

1. e4 c5 2. Bc4 e6 3. d3 d5 4. Bb5+ Nc6 5. Bxc6+ bxc6 6. e5 Ba6 7. Nf3 c4 8. d4 c5 9. c3 Qd7 10. Be3 cxd4
11. Bxd4 Rb8 12. Qd2 Ne7 13. O-O Nc6 14. Qe2 Nxd4 15. cxd4 c3 16. Qxa6 cxb2 17. Nbd2 bxa1=Q 18. Rxa1 Be7 19. h4 O-O 20. Qd3 Qa4
21. g4 Rfc8 22. g5 Qc2 23. Qxc2 Rxc2 24. Kf1 Rbb2 25. Ke1 Rxa2 26. Rb1 Rcb2 27. Rc1 g6 28. Rd1 Bb4 29. h5 gxh5 30. Ke2 Bxd2
0-1

[Event "Fall Kickoff"]
[Site "SchemingMind.com"]
[Date "2007.09.18"]
[Round "-"]
[White "Dariusz1968"]
[Black "calidore"]
[Result "0-1"]
[WhiteCountry "POL"]
[BlackCountry "ISR"]
[WhiteElo "1332"]
[WhiteRD "53"]
[BlackElo "1871"]
[BlackRD "59"]
[GameID "121033"]

1. e4 Nf6 2. Nc3 d5 3. e5 d4 4. exf6 dxc3 5. bxc3 exf6 6. d4 Bd6 7. Bb5+ Bd7 8. Qe2+ Qe7 9. Qxe7+ Bxe7 10. Bxd7+ Nxd7
11. Bf4 O-O-O 12. Nf3 g5 13. Be3 Ba3 14. O-O Bb2
0-1

[Event "Fall Kickoff"]
[Site "SchemingMind.com"]
[Date "2007.09.17"]
[Round "-"]
[White "rougon"]
[Black "Dariusz1968"]
[Result "1-0"]
[WhiteCountry "USA"]
[BlackCountry "POL"]
[WhiteElo "1775"]
[WhiteRD "68"]
[BlackElo "1448"]
[BlackRD "53"]
[GameID "121034"]

1. d4 g6 2. c4 b6 3. e4 Bg7 4. f3 h6 5. Be3 Ba6 6. Bd3 Nc6 7. Ne2 e6 8. Nbc3 d6 9. Qd2 Nb4 10. O-O Nxd3
11. Qxd3 Ne7 12. b3 d5 13. Rac1 dxe4 14. fxe4 Nc6 15. e5 O-O 16. Ne4 Nb4 17. Qd2 Nc6 18. Bxh6 Bb7 19. Nf6+ Kh8 20. Rc3 Bxf6
21. Rxf6 Ne7 22. Rh3 Nf5 23. Bxf8+
1-0

[Event "Fall Kickoff"]
[Site "SchemingMind.com"]
[Date "2007.09.16"]
[Round "-"]
[White "jdcald13"]
[Black "Dariusz1968"]
[Result "1-0"]
[WhiteCountry "USA"]
[BlackCountry "POL"]
[WhiteElo "1914"]
[WhiteRD "55"]
[BlackElo "1420"]
[BlackRD "55"]
[GameID "121035"]

1. e4 b6 2. d4 Bb7 3. Nc3 e6 4. Nf3 Bb4 5. Bd3 Bxc3+ 6. bxc3 Nf6 7. e5 Nd5 8. c4 Nb4 9. O-O h6 10. Ba3 Qe7
11. c3 a5 12. cxb4 axb4 13. Bb2 c5 14. Re1 O-O 15. Be4 Bxe4 16. Rxe4 Nc6 17. d5 exd5 18. cxd5 Na5 19. Qe1 b5 20. e6 dxe6
21. dxe6 f6 22. Nh4 Kh7 23. Nf5 Qc7 24. Rd1 Rfd8 25. e7 Rxd1 26. Qxd1 Re8 27. Qg4 g6 28. Qh4 gxf5 29. Qxf6 Rg8 30. Qf7+
1-0

[Event "Fall Kickoff"]
[Site "SchemingMind.com"]
[Date "2007.09.18"]
[Round "-"]
[White "calidore"]
[Black "Dariusz1968"]
[Result "1-0"]
[WhiteCountry "ISR"]
[BlackCountry "POL"]
[WhiteElo "1871"]
[WhiteRD "59"]
[BlackElo "1332"]
[BlackRD "53"]
[GameID "121036"]

1. e4 b6 2. d4 g6 3. Be3 Bb7 4. Nc3 Bg7 5. Bc4 a6 6. Nge2 e6 7. Qd2 b5 8. Bd3 d6 9. a3 Ne7 10. f3 Qd7
11. g4 h6 12. h4 h5 13. gxh5 gxh5 14. O-O-O
1-0

[Event "Fall Kickoff"]
[Site "SchemingMind.com"]
[Date "2007.09.17"]
[Round "-"]
[White "bdenley"]
[Black "rougon"]
[Result "0-1"]
[WhiteCountry "USA"]
[BlackCountry "USA"]
[WhiteElo "1635"]
[WhiteRD "73"]
[BlackElo "1775"]
[BlackRD "68"]
[GameID "121074"]

1. e4 c5 2. Nf3 d6 3. b3 Nf6 4. Nc3 a6 5. Bb2 e5 6. Be2 Be6 7. O-O Be7 8. Ng5 O-O 9. Nxe6 fxe6 10. Bg4 Nxg4
11. Qxg4 Qd7 12. Nd5 exd5 13. Qxd7 Nxd7 14. exd5 Nf6 15. c4 b5 16. f4 exf4 17. Rxf4 Rae8 18. Raf1 Rf7 19. R4f3 Ref8 20. d3 Nd7
21. d4 Rxf3 22. Rxf3 Rxf3 23. gxf3 Bf6 24. Kf2 cxd4 25. h3 Kf7 26. Ke2 d3+
0-1

[Event "Fall Kickoff"]
[Site "SchemingMind.com"]
[Date "2007.09.17"]
[Round "-"]
[White "bdenley"]
[Black "jdcald13"]
[Result "0-1"]
[WhiteCountry "USA"]
[BlackCountry "USA"]
[WhiteElo "1608"]
[WhiteRD "72"]
[BlackElo "1914"]
[BlackRD "55"]
[GameID "121075"]

1. e4 c6 2. d4 d5 3. e5 Bf5 4. f4 e6 5. Nf3 c5 6. c3 Nc6 7. Be3 cxd4 8. cxd4 Bb4+ 9. Nc3 Nge7 10. a3 Bxc3+
11. bxc3 O-O 12. Bd3 Na5 13. Rb1 Rc8 14. Qc2 Qc7 15. Bd2 Nc4 16. Rb3 Bxd3 17. Qxd3 Nc6 18. Bc1 N6a5 19. Ng5 f5 20. Nxe6 Qe7
21. Nxf8 Nxb3 22. Nxh7 Qh4+ 23. g3 Qxh7 24. O-O g6 25. Qe2 Rc6
0-1

[Event "Fall Kickoff"]
[Site "SchemingMind.com"]
[Date "2007.09.18"]
[Round "-"]
[White "bdenley"]
[Black "calidore"]
[Result "0-1"]
[WhiteCountry "USA"]
[BlackCountry "ISR"]
[WhiteElo "1596"]
[WhiteRD "73"]
[BlackElo "1871"]
[BlackRD "59"]
[GameID "121076"]

1. e4 Nf6 2. Nc3 d5 3. exd5 Nxd5 4. Bc4 Nb6 5. Bb3 a5 6. Qf3 e6 7. a3 a4 8. Ba2 Nc6 9. d3 Bd6 10. Nge2 Ra5
11. O-O O-O 12. Ne4 Rf5 13. Nf4 Bxf4 14. Bxf4 e5 15. g3 exf4 16. g4 Nd4 17. Qd1 Re5 18. c3 Nc6 19. f3 Be6 20. Bxe6 Rxe6
21. d4 Nd5 22. Nc5 Rh6 23. Rf2 Ne3 24. Qd2 Qh4 25. Nd3 f5 26. Nxf4 fxg4 27. Qxe3 g3 28. Rg2 gxh2+ 29. Kh1 Qxf4 30. Qe2 Qxf3
31. Qxf3 Rxf3 32. Rxh2 Rxh2+
0-1

[Event "Fall Kickoff"]
[Site "SchemingMind.com"]
[Date "2007.09.17"]
[Round "-"]
[White "bdenley"]
[Black "Dariusz1968"]
[Result "1-0"]
[WhiteCountry "USA"]
[BlackCountry "POL"]
[WhiteElo "1596"]
[WhiteRD "73"]
[BlackElo "1332"]
[BlackRD "53"]
[GameID "121077"]

1. e4 b6 2. Nc3 g6 3. b3 Bg7 4. Bb2 e6 5. f4 Bb7 6. Rb1 Nf6 7. d3 h5 8. Nf3 Ng4 9. h3 Ne3 10. Qe2 Nxf1
11. Qxf1 Qe7 12. Nd5 exd5 13. Bxg7 dxe4 14. dxe4 Qb4+ 15. Nd2 Rg8 16. c3 Qe7 17. Bh6 Bxe4 18. Nxe4 Qxe4+ 19. Qe2 Qxe2+ 20. Kxe2
1-0

[Event "Fall Kickoff"]
[Site "SchemingMind.com"]
[Date "2007.09.17"]
[Round "-"]
[White "rougon"]
[Black "bdenley"]
[Result "0-1"]
[WhiteCountry "USA"]
[BlackCountry "USA"]
[WhiteElo "1743"]
[WhiteRD "69"]
[BlackElo "1608"]
[BlackRD "72"]
[GameID "121078"]

1. e4 c5 2. Nf3 Nc6 3. d4 cxd4 4. Nxd4 Nf6 5. Nc3 e6 6. Bg5 Be7 7. Qd2 d5 8. Bb5 Bd7 9. O-O-O a6 10. Bxc6 bxc6
11. e5 Ng4 12. h4 Nxe5 13. b3 c5 14. Nde2 d4 15. Ne4 f6 16. Bf4 Nc6 17. Bd6 Qa5 18. Bxc5 Qxa2 19. Qd3 Bxc5 20. Nxc5 Nb4
21. Qc4 Nxc2 22. Qxc2 Qa1+ 23. Kd2 Qa5+ 24. Kd3 Rc8 25. Rc1 O-O 26. Nxd4 Rfd8 27. Ke3 e5 28. b4 exd4+ 29. Kf3 Qxb4 30. Qa2+ Kh8
31. Nxd7 Qb7+ 32. Kg3 Rxd7 33. Qb2 Qb8+ 34. Kh3 Qa8 35. Qb6 d3 36. Rhd1 Rcd8 37. Rc6 Rb7 38. Qxa6 Qxa6 39. Rxa6 h6 40. Ra3 Rbd7
41. Kg3= d2 42. Kf3 Kg8 43. Ke2 Re7+ 44. Re3= Red7 45. Rc3 Kf7 46. Rc2 Ke6 47. g4 Ke5 48. h5 Kf4 49. Rc4+ Rd4 50. Rxd4+ Rxd4
51. f3 Rd6 52. Kf2 Rd3
0-1

[Event "Fall Kickoff"]
[Site "SchemingMind.com"]
[Date "2007.09.17"]
[Round "-"]
[White "jdcald13"]
[Black "bdenley"]
[Result "1-0"]
[WhiteCountry "USA"]
[BlackCountry "USA"]
[WhiteElo "1914"]
[WhiteRD "55"]
[BlackElo "1608"]
[BlackRD "72"]
[GameID "121079"]

1. d4 d5 2. c4 c5 3. dxc5 d4 4. Nf3 Nc6 5. e3 e5 6. exd4 exd4 7. Be2 Bg4 8. Nxd4 Nxd4 9. Bxg4 f5 10. Be3 Bxc5
11. Bf3 Nxf3+ 12. Qxf3 Bxe3 13. Qxe3+ Qe7 14. Qxe7+ Nxe7 15. Nc3 O-O-O 16. Rd1 Nc6 17. O-O Rhe8 18. Rxd8+ Rxd8 19. Rd1 Rxd1+ 20. Nxd1 Kd7
21. Kf1 Kd6 22. Ke2 Kc5 23. b3 Kb4 24. Kd3 g6 25. f4 a5 26. Nc3 Ka3 27. Nb5+ Kxa2 28. Kc3 Nb4 29. Nd6 b6 30. Nc8 b5
31. cxb5 Nd5+ 32. Kc4 Nc7 33. b6 Na6 34. Kb5 Nb8 35. Kxa5 Kxb3 36. b7 Kc3 37. Kb6 Kd3 38. Ka7 Nd7 39. Nb6
1-0

[Event "Fall Kickoff"]
[Site "SchemingMind.com"]
[Date "2007.09.18"]
[Round "-"]
[White "calidore"]
[Black "bdenley"]
[Result "1-0"]
[WhiteCountry "ISR"]
[BlackCountry "USA"]
[WhiteElo "1889"]
[WhiteRD "65"]
[BlackElo "1608"]
[BlackRD "72"]
[GameID "121080"]

1. e4 c5 2. c3 g6 3. d4 cxd4 4. cxd4 d5 5. e5 a6 6. Nf3 Nc6 7. Nc3 Bg4 8. Be2 Qb6 9. Nxd5 Qa5+ 10. Nc3 Rd8
11. Be3 Bh6 12. O-O Bxf3 13. Bxf3 Nxe5 14. Bxb7 Nc4 15. Bc6+ Kf8 16. Bxh6+ Nxh6 17. d5 Nxb2 18. Qc1 Nf5 19. Qxb2
1-0

[Event "Fall Kickoff"]
[Site "SchemingMind.com"]
[Date "2007.09.17"]
[Round "-"]
[White "Dariusz1968"]
[Black "bdenley"]
[Result "0-1"]
[WhiteCountry "POL"]
[BlackCountry "USA"]
[WhiteElo "1332"]
[WhiteRD "53"]
[BlackElo "1596"]
[BlackRD "73"]
[GameID "121081"]

1. e4 c5 2. Bc4 Nc6 3. Qf3 e6 4. c3 Nf6 5. d3 a6 6. Nh3 b5 7. Bb3 Bb7 8. Bg5 Be7 9. O-O Ne5 10. Qg3 Qb8
11. f4 Ng6 12. e5 Nd5 13. f5 Bxg5 14. Bxd5 Bf4 15. Nxf4 Nxf4 16. Rxf4 Bxd5 17. Qxg7 Rf8 18. fxe6 dxe6 19. Nd2 c4
0-1

[Event "Fall Kickoff"]
[Site "SchemingMind.com"]
[Date "2007.09.17"]
[Round "-"]
[White "echecs"]
[Black "bdenley"]
[Result "1-0"]
[WhiteCountry "ENG"]
[BlackCountry "USA"]
[WhiteElo "1750"]
[WhiteRD "62"]
[BlackElo "1608"]
[BlackRD "72"]
[GameID "121115"]

1. e4 c5 2. c3 e5 3. Nf3 d6 4. d4 cxd4 5. cxd4 Bg4 6. dxe5 Bxf3 7. Qxf3 dxe5 8. Bc4 Qf6 9. Qb3 b6 10. Bd5 Nc6
11. Bg5 Bb4+ 12. Nc3 Bxc3+ 13. Qxc3 Qd6 14. Bxc6+ Kf8 15. Bxa8
1-0

[Event "Fall Kickoff"]
[Site "SchemingMind.com"]
[Date "2007.09.18"]
[Round "-"]
[White "echecs"]
[Black "rougon"]
[Result "0-1"]
[WhiteCountry "ENG"]
[BlackCountry "USA"]
[WhiteElo "1750"]
[WhiteRD "62"]
[BlackElo "1743"]
[BlackRD "69"]
[GameID "121116"]

1. e4 e6 2. Nc3 c5 3. Nge2 Nc6 4. d4 cxd4 5. Nxd4 Qc7 6. f4 Bb4 7. Nb5 Qb8 8. a3 Be7 9. e5 a6 10. Nd6+ Bxd6
11. exd6 Nf6 12. Bc4 O-O 13. O-O b5 14. Bd3 Bb7 15. Ne4 Ne8 16. Ng5 g6 17. Qg4 Nxd6 18. Qh3 h5 19. g4 f6 20. Nf3 hxg4
21. Qxg4 Rf7 22. Qxg6+ Rg7 23. Rf2 Rxg6+ 24. Bxg6 Ne7 25. Bh5 Qa7 26. Kf1 Nef5 27. Rg2+ Kh8 28. Re2 Rg8
0-1

[Event "Fall Kickoff"]
[Site "SchemingMind.com"]
[Date "2007.09.17"]
[Round "-"]
[White "echecs"]
[Black "jdcald13"]
[Result "0-1"]
[WhiteCountry "ENG"]
[BlackCountry "USA"]
[WhiteElo "1743"]
[WhiteRD "62"]
[BlackElo "1907"]
[BlackRD "49"]
[GameID "121117"]

1. e4 e6 2. Nc3 d5 3. d4 Bb4 4. e5 c5 5. a3 Bxc3+ 6. bxc3 Qc7 7. Bb5+ Bd7 8. Bxd7+ Nxd7 9. Nf3 cxd4 10. cxd4 Ne7
11. Bd2 O-O 12. O-O Nf5 13. c3 Nb6 14. Qc2 Rac8 15. Rac1 Nc4 16. Qa4 Qa5 17. Qxa5 Nxa5 18. g4 Ne7 19. Rb1 b6 20. Be1 Nc4
21. Rb3 Nc6 22. a4 N6a5 23. Rb1 Na3 24. Rb2 Rc4 25. Rb4 Rfc8 26. Bd2 R4c7 27. Rc1 Kf8 28. Ng5 h6 29. Nh3 Ke7 30. Nf4 N3c4
31. Be1 f6 32. exf6+ gxf6 33. Ne2 Rg8 34. h3 h5 35. f3 hxg4 36. hxg4 e5 37. Bg3 Ke6 38. dxe5 Nxe5 39. Nd4+ Kf7 40. Bxe5 fxe5
41. Nf5 Rg6 42. f4 Rxg4+
0-1

[Event "Fall Kickoff"]
[Site "SchemingMind.com"]
[Date "2007.09.18"]
[Round "-"]
[White "echecs"]
[Black "calidore"]
[Result "1/2-1/2"]
[WhiteCountry "ENG"]
[BlackCountry "ISR"]
[WhiteElo "1743"]
[WhiteRD "62"]
[BlackElo "1871"]
[BlackRD "59"]
[GameID "121118"]

1. e4 Nf6 2. e5 Nd5 3. d4 d6 4. Nf3 Bg4 5. Be2 c6 6. O-O Bxf3 7. Bxf3 dxe5 8. dxe5 e6 9. Nd2 Nd7 10. Re1 Bc5
11. a3 Qc7 12. Nb3 Bb6 13. c4 Ne7 14. Bf4 Ng6 15. Bg3 O-O-O 16. Qc2 Qb8 17. Nd2 Bc7 18. Nb3 Bxe5 19. Na5 Bxg3 20. hxg3 Nde5
21. Be4 f5 22. Bf3 Nxf3+ 23. gxf3 Rhe8 24. b4 f4 25. Kg2 Qc7 26. c5 Rd5 27. Nc4 Kb8 28. Nd6 Rf8 29. Rxe6 Qd7 30. Rae1 a6
31. Re8+ Rxe8 32. Rxe8+ Ka7 33. Nc8+ Kb8 34. Nd6+=
1/2-1/2

[Event "Fall Kickoff"]
[Site "SchemingMind.com"]
[Date "2007.09.17"]
[Round "-"]
[White "echecs"]
[Black "Dariusz1968"]
[Result "1-0"]
[WhiteCountry "ENG"]
[BlackCountry "POL"]
[WhiteElo "1743"]
[WhiteRD "62"]
[BlackElo "1332"]
[BlackRD "53"]
[GameID "121119"]

1. e4 b6 2. d4 e6 3. Nf3 Bb7 4. Bd3 h6 5. Nc3 a6 6. O-O d6 7. Qe2 g5 8. b3 g4 9. Nd2 h5 10. Re1 Bg7
11. Qe3 Bh6 12. Qg3 Qe7 13. Nc4 b5 14. Na5 Bc8 15. Bxh6 Rxh6 16. f4 e5 17. Nd5 Qd8 18. fxe5
1-0

[Event "Fall Kickoff"]
[Site "SchemingMind.com"]
[Date "2007.09.19"]
[Round "-"]
[White "bdenley"]
[Black "echecs"]
[Result "1-0"]
[WhiteCountry "USA"]
[BlackCountry "ENG"]
[WhiteElo "1626"]
[WhiteRD "78"]
[BlackElo "1734"]
[BlackRD "69"]
[GameID "121120"]

1. e4 e5 2. Nf3 Nf6 3. Nc3 Nc6 4. Bc4 Nxe4 5. Bxf7+ Kxf7 6. Nxe4 d5 7. Neg5+ Kg8 8. d3 h6 9. Nh3 Bg4 10. Qd2 Bxf3
11. gxf3 d4 12. f4 Qh4 13. Ng1 Bd6 14. Nf3 Qxf4 15. Qe2 Qf6 16. Rg1 Rf8 17. Nd2 Nb4 18. Ne4 Qf5 19. a3 Nd5 20. Nxd6 cxd6
21. Bd2 Nf4 22. Qg4 Qxg4 23. Rxg4 Nh3 24. f4 Nxf4 25. Bxf4 Rxf4 26. Rxf4 exf4 27. O-O-O Kh7 28. Re1 f3 29. Kd2 g5 30. Rf1 g4
31. h3 h5 32. Ke1 Rg8 33. hxg4 hxg4 34. Kf2 Kh6 35. Kg3 Kg5 36. Re1 Kf5 37. Re4 d5 38. Rxd4 Ke5 39. Rf4 Kd6 40. c3 Kc5
41. b3 a5 42. Rf7 b6 43. Rf5 b5 44. Rf6 b4 45. d4+ Kb5 46. a4#
1-0

[Event "Fall Kickoff"]
[Site "SchemingMind.com"]
[Date "2007.09.19"]
[Round "-"]
[White "rougon"]
[Black "echecs"]
[Result "1/2-1/2"]
[WhiteCountry "USA"]
[BlackCountry "ENG"]
[WhiteElo "1740"]
[WhiteRD "74"]
[BlackElo "1703"]
[BlackRD "72"]
[GameID "121121"]

1. d4 e6 2. c4 d5 3. Nc3 dxc4 4. e3 Nf6 5. Bxc4 Be7 6. Nf3 O-O 7. O-O Nbd7 8. Re1 a6 9. Be2 Bd6 10. Ng5 h6
11. Nge4 Bb4 12. Bf3 Nxe4 13. Bxe4 f5 14. Bf3 Nf6 15. a3 Bd6 16. e4 fxe4 17. Nxe4 Nxe4 18. Bxe4 Qf6 19. Be3 Qh4 20. Qd3 Bxh2+
21. Kf1 Bg3 22. Bf3 Bd6 23. g3 Qf6 24. Be4 Bxg3 25. Re2 Qh4 26. Ke1 Bd6 27. Kd2 e5 28. Rh1 Qf6 29. f3 exd4 30. Bd5+ Kh8
31. Bxd4 Qg5+ 32. Kd1 Bf5 33. Qc3 Bc2+ 34. Rxc2 Qxd5 35. Kc1 Rxf3 36. Bxg7+ Kg8 37. Qd4 Qxd4 38. Bxd4 Bf4+ 39. Kb1 c6 40. Rg2+ Kf7
41. Rg7+ Ke6 42. Rxb7 a5 43. Bg7 c5 44. Rb6+ Kd5 45. Bxh6 Be5 46. Rc1 Bd4 47. Rg6 Rb8 48. Rc2 Rxa3 49. Rg5+ Ke4 50. Re2+ Kf3
51. Rgg2 Rab3 52. Bc1 a4 53. Ka2 c4 54. Rc2 R8b4 55. Rge2 Rd3 56. Rh2 Ke4 57. Rh4+ Kd5 58. Rh5+ Kc6 59. Rh6+ Kb5 60. Rh5+ Ka6
61. Rf5 Rdb3 62. Rh5 c3 63. bxc3 Bxc3 64. Ba3 Rb5 65. Rxb5 Kxb5 66. Bb2 Bb4 67. Bc1 Bc5 68. Rg2 Bd4 69. Ba3 Kc4 70. Rc2+ Kd3
71. Rh2=
1/2-1/2

[Event "Fall Kickoff"]
[Site "SchemingMind.com"]
[Date "2007.09.19"]
[Round "-"]
[White "jdcald13"]
[Black "echecs"]
[Result "1-0"]
[WhiteCountry "USA"]
[BlackCountry "ENG"]
[WhiteElo "1914"]
[WhiteRD "55"]
[BlackElo "1750"]
[BlackRD "62"]
[GameID "121122"]

1. c4 c5 2. Nf3 Nf6 3. g3 d5 4. Bg2 g6 5. O-O Bg7 6. d3 d4 7. Na3 O-O 8. Nc2 Nbd7 9. Rb1 Ng4 10. b4 Rb8
11. bxc5 Nxc5 12. h3 Nf6 13. Ncxd4 Nh5 14. Nb3 Ne6 15. Bb2 Nef4 16. Bxg7 Kxg7 17. gxf4 Nxf4 18. h4 Nxg2 19. Kxg2 Qd7 20. Rh1 Qg4+
21. Kf1 Bd7 22. Ne5 Qe6 23. Nc5
1-0

[Event "Fall Kickoff"]
[Site "SchemingMind.com"]
[Date "2007.09.19"]
[Round "-"]
[White "calidore"]
[Black "echecs"]
[Result "0-1"]
[WhiteCountry "ISR"]
[BlackCountry "ENG"]
[WhiteElo "1889"]
[WhiteRD "65"]
[BlackElo "1750"]
[BlackRD "62"]
[GameID "121123"]

1. e4 Nf6 2. e5 Nd5 3. d4 d6 4. Nf3 e6 5. c4 Nb6 6. Nc3 d5 7. c5 N6d7 8. Bb5 c6 9. Bd3 b6 10. b4 Ba6
11. Bxa6 Nxa6 12. Qa4 Ndb8 13. Qb3 bxc5 14. bxc5 Be7 15. Qb7 Nc7 16. Bd2 O-O 17. Ne2 Qd7 18. Ba5 Nba6 19. Bxc7 Nxc7 20. O-O= Rfb8
0-1

[Event "Fall Kickoff"]
[Site "SchemingMind.com"]
[Date "2007.09.19"]
[Round "-"]
[White "Dariusz1968"]
[Black "echecs"]
[Result "0-1"]
[WhiteCountry "POL"]
[BlackCountry "ENG"]
[WhiteElo "1332"]
[WhiteRD "53"]
[BlackElo "1743"]
[BlackRD "62"]
[GameID "121124"]

1. d4 e6 2. a3 Nf6 3. Bg5 Be7 4. Nc3 d5 5. e3 O-O 6. Bd3 g6 7. Bh6 Re8 8. Nh3 Bf8 9. Bg5 Bg7 10. Qf3 Nbd7
11. Ne2 c6 12. O-O Qb6 13. b3 Nh5 14. Nhf4 Nxf4 15. Nxf4 e5 16. dxe5 Nxe5 17. Qe2 Nxd3
0-1

[Event "Fall Kickoff"]
[Site "SchemingMind.com"]
[Date "2007.09.18"]
[Round "-"]
[White "tacticrules"]
[Black "rougon"]
[Result "0-1"]
[WhiteCountry "GER"]
[BlackCountry "USA"]
[WhiteElo "1454"]
[WhiteRD "49"]
[BlackElo "1714"]
[BlackRD "71"]
[GameID "121146"]

1. e4 e5 2. Nf3 Nc6 3. Bb5 a6 4. Ba4 Nf6 5. O-O b5 6. Bb3 d6 7. Re1 Be7 8. c3 Bg4 9. d4 exd4 10. cxd4 Bxf3
11. gxf3 O-O 12. Be3 Qd7 13. Nd2 Rfe8 14. Bc2 Nb4 15. a3 Nxc2 16. Qxc2 Rac8 17. Rac1 c5 18. dxc5 dxc5
0-1